000 00594nam a22001577a 4500
003 NUST
082 _a610
100 _a Arif ,Fatima
_9122369
245 _aEffect of rapid exercise test on mild COVID-19 pneumonia patients and its significance on the detection of COVID-19 disease at an early stage /
_cFatima Arif
264 _aIslamabad:
_bSMME- NUST.
_c2021.
300 _a37p. ;
_bSoft Copy,
_c30cm.
650 _aMS Biomedical Sciences (BMS)
700 _aSupervisor : Dr. Asim Waris
_9119477
856 _uhttp://10.250.8.41:8080/xmlui/handle/123456789/25528
942 _2ddc
_cTHE
999 _c608866
_d608866